Guftagu-4 (Record no. 330567)
[ view plain ]
| 000 -LEADER | |
|---|---|
| fixed length control field | 00689nam a22002297a 4500 |
| 003 - CONTROL NUMBER IDENTIFIER | |
| control field | NUST |
| 005 - DATE AND TIME OF LATEST TRANSACTION | |
| control field | 20210208104108.0 |
| 008 - FIXED-LENGTH DATA ELEMENTS--GENERAL INFORMATION | |
| fixed length control field | 150311b xxu||||| |||| 00| 0 eng d |
| 038 ## - RECORD CONTENT LICENSOR | |
| Staff Name | Arshad |
| 040 ## - CATALOGING SOURCE | |
| Transcribing agency | NUST |
| 082 ## - DEWEY DECIMAL CLASSIFICATION NUMBER | |
| Classification number | 891.4398 |
| Author Mark | WAS |
| 100 ## - MAIN ENTRY--PERSONAL NAME | |
| Personal name | Wasif Ali Wasif |
| 9 (RLIN) | 2946 |
| 245 ## - TITLE STATEMENT | |
| Title | Guftagu-4 |
| Statement of responsibility, etc. | Wasif Ali Wasif |
| 260 ## - PUBLICATION, DISTRIBUTION, ETC. | |
| Place of publication, distribution, etc. | Lahore : |
| Name of publisher, distributor, etc. | Kashif Publications, |
| Date of publication, distribution, etc. | 1999. |
| 300 ## - PHYSICAL DESCRIPTION | |
| Extent | 288 p. : |
| Dimensions | 22 cm. |
| 546 ## - LANGUAGE NOTE | |
| Language note | In urdu |
| 650 ## - SUBJECT ADDED ENTRY--TOPICAL TERM | |
| Topical term or geographic name entry element | Literature |
| General subdivision | General |
| 9 (RLIN) | 35644 |
| 880 ## - ALTERNATE GRAPHIC REPRESENTATION | |
| Linkage | 100-01\(3\r |
| Title | واصف علی واصف |
| 880 ## - ALTERNATE GRAPHIC REPRESENTATION | |
| Linkage | 245-02\(3\r |
| Title | 4گفتگو |
| c | واصف علی واصف |
| 880 ## - ALTERNATE GRAPHIC REPRESENTATION | |
| Linkage | 260-03\(3\r |
| Title | لاہور: |
| b | کاشف پبلی کیشنز، |
| c | 1999 |
| 942 ## - ADDED ENTRY ELEMENTS (KOHA) | |
| Source of classification or shelving scheme | |
| Koha item type | Book |
| Withdrawn status | Lost status | Source of classification or shelving scheme | Damaged status | Not for loan | Permanent Location | Current Location | Shelving location | Date acquired | Total Checkouts | Full call number | Barcode | Date last seen | Date last checked out | Copy number | Price effective from | Koha item type |
|---|---|---|---|---|---|---|---|---|---|---|---|---|---|---|---|---|
| Central Library (CL) | Central Library (CL) | Fiction | 07/20/2017 | 2 | 891.4398 WAS | CL2714 | 01/03/2020 | 09/06/2019 | 1 | 07/20/2017 | Book |
